000 00562nam a2200205Ia 4500
008 200601s9999 xx 000 0 und d
020 _a0-00-616762-4
050 _aFIC Am1u
050 _b1941
100 _aAmbler, Eric
245 0 _aUncommon danger /
245 0 _cEric Ambler.
260 _aGreat Britain :
260 _bWilliam Collins Sons & Co. Ltd.
260 _c1941
300 _a256 pages :
300 _c18 cm.
650 _aIntelligence service -- Great Britain -- Fiction.
650 _aIntelligence service -- Great Britain -- Fiction.
999 _c363470
_d363470